Top 10 US States with Highest Male to Female Ratio - Statistics

General Stats
  • This quiz has been taken 34 times
  • The average score is 8 of 10
Answer Stats
Male % State % Correct
52.0 Alaska
88%
50.5 North Dakota
88%
50.0 South Dakota
88%
50.2 Utah
88%
50.2 Montana
85%
50.1 Idaho
82%
50.5 Nevada
82%
50.1 Colorado
79%
51.0 Wyoming
79%
50.1 Hawaii
73%
No matching quizzes found
Score Distribution
Percent of People with Each Score
Percentile by Number Answered
Your Score History
You have not taken this quiz